| 000 | 00621nam a22001457a 4500 | ||
|---|---|---|---|
| 020 | _a0-19-567803-6 | ||
| 082 |
_a823 _bVIC/G |
||
| 100 | _aVICARY, TOM | ||
| 245 | _aGRACE DARLING | ||
| 260 |
_aLONDON _bOXFORD UNIVERSITY PRESS _c2006 |
||
| 300 | _a53 | ||
| 520 | _aGrace Darling achieved great fame for the part she played in the rescue of survivors from a wrecked merchant ship in 1838. Born in 1815, Grace heroically helped to rescue survivors from the Forfarshire, a vessel travelling from Hull to Dundee, which was wrecked on the Farne Islands, off the coast of Northumberland. | ||
| 650 | _aSHORT STORY | ||
| 942 | _cBK | ||
| 999 |
_c6522 _d6522 |
||